Les Seychelles pour les touristes... - Facile - Statistiques

Statistiques générales
  • Ce quiz a été pris 19 fois
  • Le résultat moyen est 12 sur 20
Statistiques - réponses
Question Indice Réponses Indice facile % Correct
Quelles sont les langues officielles ? Anglais A
100%
Quelles sont les langues officielles ? Français F
100%
Ce pays est plus grand que la France (oui/non) Non
88%
Achats à faire 2/ Bijoux en perles de Coco COOC
81%
Dans la capitale quel est le décalage horaire avec Paris ? (+ ou - et chiffre) ex - 10 + 2
75%
Achats à faire 4/ Objets en Bambou MABBOU
75%
Quels est le climat local ? E Equatorial
69%
Quel est le régime du pays ? République R
69%
Quel pays a accordé son indépendance à celui-ci ? Royaume-Uni
63%
La religion majoritaire est Christianisme C
56%
Quelles sont les langues officielles ? Créole seychellois C
56%
Le principal aéroport est M Mahé
56%
Code sur les plaques minéralogiques SY
56%
Quelles sont les principaux lieux touristiques ? M Sommet du {Morne} ENOMR
50%
Achats à faire 1/ Huiles Essentielles NLSITESEEELS
44%
Quelles sont les principaux lieux touristiques ? A Anse source d'{Argent} RTNAEG
38%
Quelle est la monnaie ? Roupie seychelloise R
38%
Le suffixe internet est sc
38%
Achats à faire 3/ Tissus multicolores Batik TIKAB
31%
Quelles sont les principaux lieux touristiques ? V Jardin botanique de {Victoria} RVOICTAI
25%
Aucun quiz correspondant
Distribution des résultats
% des personnes avec chaque résultat
Percentile par nombre de réponses
Votre historique - résultats
Vous n’avez pas pris ce quiz